书目信息 |
| 书名: | Theater | |
| 作者: | Edwin Wilson, Alvin Goldfarb. | |
| 分册号: | ||
| 分册名: | 出版地: | Boston : |
|
| 出版社: | McGraw-Hill | |
| 出版时间: | c2005. | |
| 页数: | xxii, 399, [25] p. : | |
| 开本: | 23 cm. + | |
| 丛书名: | ||
| 中图分类号: | ||
| 科图分类号: | ||
| 其他分类号: | J804 | |
| 主题词: | ||
| 电子资源: | http://www.loc.gov/catdir/enhancements/fy0701/2004042604-t.html http://www.loc.gov/catdir/enhancements/fy0701/2004042604-d.html http://www.loc.gov/catdir/enhancements/fy0701/2004042604-b.html | |
| 000 | 01731cam a2200337 a 450 | |
| 001 | E0734997886 | |
| 005 | 20070708100531.93 | |
| 008 | 040305s2005 maua b 001 0 eng | |
| 010 | @a2004042604 | |
| 020 | @a0072872187 (softcover : alk. paper). | |
| 040 | @aDLC@cDLC@dDLC | |
| 050 | 00 | @aPN2037@b.W57 2005 |
| 082 | 00 | @a792@2 22 |
| 090 | @aJ804 | |
| 099 | @dJ804@ex61=5 | |
| 100 | 1 | @aWilson, Edwin. |
| 245 | 10 | @aTheater :@bthe lively art / @cEdwin Wilson, Alvin Goldfarb. |
| 250 | @a5th ed. | |
| 260 | @aBoston :@bMcGraw-Hill,@cc2005. | |
| 300 | @axxii, 399, [25] p. :@bill. (some col.) ;@c23 cm. +@e1 CD-ROM (4 3/4 in.). | |
| 504 | @aIncludes bibliographical references (p. b-b-11) and index. | |
| 538 | @aSystem requirements for accompanying computer disc: Windows, IBM PC or 100% compatible, Pentium Processor, Microsoft Windows 2000/MEX/NT 4.0 SP 6, 800x600 resolution, Internet Browser; MacIntosh, Power PC or Higher Processor, MAC OS 9.2 or OS X with classic 9, Internet Browser. | |
| 650 | 0 | @aTheater@xHistory. |
| 650 | 0 | @aTheater. |
| 700 | 1 | @aGoldfarb, Alvin. |
| 856 | 41 | @3 Table of contents only@uhttp://www.loc.gov/catdir/enhancements/fy0701/2004042604-t.html |
| 856 | 42 | @3 Publisher description@uhttp://www.loc.gov/catdir/enhancements/fy0701/2004042604-d.html |
| 856 | 42 | @3 Contributor biographical information@uhttp://www.loc.gov/catdir/enhancements/fy0701/2004042604-b.html |
| 906 | @a7@bcbc@corignew@d1@eocip@f20@gy-gencatlg | |
| 925 | 0 | @aacquire@b1 shelf copy@xpolicy default |
| 955 | @apc20 2004-03-05 to HLCD@clg31 2004-03-08@dlg22 2004-03-08;@elg13 2004-03-09 to Dewey@aaa05 2004-03-10@aps07 2004-07-21 1 copy rec’d., to CIP ver.@flg20 2004-08-13@glg20 2004-08-13 to BCCD | |
| Theater : : the lively art / / Edwin Wilson, Alvin Goldfarb.-5th ed.-Boston : : McGraw-Hill, , c2005. |
| xxii, 399, [25] p. : : ill. (some col.) ; ; 23 cm. + + 1 CD-ROM (4 3/4 in.). |
| Includes bibliographical references (p. b-b-11) and index.-System requirements for accompanying computer disc: Windows, IBM PC or 100% compatible, Pentium Processor, Microsoft Windows 2000/MEX/NT 4.0 SP 6, 800x600 resolution, Internet Browser; MacIntosh, Power PC or Higher Processor, MAC OS 9.2 or OS X with classic 9, Internet Browser. |
| ISBN 0072872187 (softcover : alk. paper). |
| ● |
| 相关链接 |
|
|
|
|
正题名:Theater
索取号:J804/x61=5
 
预约/预借
| 序号 | 登录号 | 条形码 | 馆藏地/架位号 | 状态 | 备注 |
| 1 | 11369 | 300113696 | 第二样本阅览室/ [索取号:J804/x61=5] | 在馆 |